000 01100nam a2200229 a 4500
005 20210319145303.0
008 210319s2000 ag |||gr|||| 00| 0 spa d
040 _aCO-BoUCM
_bspa
_cDeissy Garcia
_dDeissy Garcia
041 0 _aspa
110 _aAcademia Nacional de Derecho y Ciencias sociales de Córdoba
_9102844
245 1 0 _aHomenaje a Dalmacio Vélez Sársfield
_bBicentenario de su nacimiento (1800-2000)
_cAcademia Nacional de Derecho y ciencias sociales de Córdoba
260 _aCórdoba, Argentina
_bAcademia Nacional de Derecho y Ciencias Sociales de Córdoba
_c2000
300 _avolúmenes
490 0 _aEdiciones de la academia Nacional de Derecho Y Ciencias Sociales de Córdoba
_v16
504 _aIncluye referencias bibliográficas
600 1 _aVélez Sársfield, Dalmacio
_d1801-1875
_x Crítica e interpretación
_9102845
650 7 _aDerecho civil
_xLegislación
_zArgentina
_9102846
650 7 _aDerecho comparado
_912722
650 7 _aJurisprudencia civil
_zArgentina
_9102847
942 _cLIBRO
_2DEWEY
_a8
_e1
_h349.8202
_mA168h
_n0
999 _c316863
_d316863